Basic finance : (Record no. 345056)
[ view plain ]
| 000 -LEADER | |
|---|---|
| fixed length control field | 01107 a2200205 4500 |
| 020 ## - INTERNATIONAL STANDARD BOOK NUMBER | |
| International Standard Book Number | 0324322291 |
| 020 ## - INTERNATIONAL STANDARD BOOK NUMBER | |
| International Standard Book Number | 9780324322293 |
| 082 04 - DEWEY DECIMAL CLASSIFICATION NUMBER | |
| Classification number | 332 |
| 090 ## - LOCALLY ASSIGNED LC-TYPE CALL NUMBER (OCLC); LOCAL CALL NUMBER (RLIN) | |
| -- | 2561 |
| -- | 2561 |
| 100 1# - MAIN ENTRY--PERSONAL NAME | |
| Personal name | Mayo, Herbert B. |
| 245 10 - TITLE STATEMENT | |
| Title | Basic finance : |
| Remainder of title | an introduction to financial institutions, investments and management / |
| Statement of responsibility, etc. | Herbert B. Mayo. |
| 250 ## - EDITION STATEMENT | |
| Edition statement | 9th ed. |
| 260 ## - PUBLICATION, DISTRIBUTION, ETC. | |
| Place of publication, distribution, etc. | [S.l.] : |
| Name of publisher, distributor, etc. | South-Western College Pub, |
| Date of publication, distribution, etc. | 2006. |
| 300 ## - PHYSICAL DESCRIPTION | |
| Extent | 656 p. ; |
| Dimensions | 24 cm. |
| 500 ## - GENERAL NOTE | |
| General note | Paperback. |
| 520 ## - SUMMARY, ETC. | |
| Summary, etc. | BASIC FINANCE: AN INTRODUCTION TO FINANCIAL INSTITUTIONS, INVESTMENTS, AND MANAGEMENT uses a proven "modular" approach to help you learn finance concepts quickly and easily. Plus, this edition is enhanced with numerous Internet references, calculator exercises, and tie-ins with Microsoft ? Excel, so you'll be on your way to using the technologies professionals use in the corporate world every day. |
| 856 40 - ELECTRONIC LOCATION AND ACCESS | |
| Materials specified | Amazon.com |
| Uniform Resource Identifier | <a href="http://www.amazon.com/exec/obidos/ASIN/0324322291/chopaconline-20">http://www.amazon.com/exec/obidos/ASIN/0324322291/chopaconline-20</a> |
| 856 40 - ELECTRONIC LOCATION AND ACCESS | |
| Materials specified | Amazon customer reviews |
| Uniform Resource Identifier | <a href="http://www.chopac.org/cgi-bin/tools/azrev.pl?q=0324322291">http://www.chopac.org/cgi-bin/tools/azrev.pl?q=0324322291</a> |
| 942 ## - ADDED ENTRY ELEMENTS (KOHA) | |
| Institution code [OBSOLETE] | NBS |
| Koha item type | Book |
| Call number prefix | 658.15 MAY |
| Withdrawn status | Lost status | Damaged status | Not for loan | Permanent Location | Current Location | Date acquired | Total Checkouts | Full call number | Barcode | Date last seen | Date last checked out | Price effective from | Koha item type |
|---|---|---|---|---|---|---|---|---|---|---|---|---|---|
| Central Library (CL) | Central Library (CL) | 08/28/2013 | 3 | 658.15 MAY | NBS8019 | 09/23/2025 | 10/11/2024 | 08/28/2013 | Book |
